Close Encounters: Communication in Relationships (Record no. 5941)

MARC details
005 - DATE AND TIME OF LATEST TRANSACTION
control field 20250628100523.0
020 ## - INTERNATIONAL STANDARD BOOK NUMBER
International Standard Book Number 9781544349244
100 ## - MAIN ENTRY--PERSONAL NAME
Author name GUERRERO, L.K
245 ## - TITLE STATEMENT
Title Close Encounters: Communication in Relationships
250 ## - EDITION STATEMENT
Edition statement 6th Ed.
260 ## - PUBLICATION, DISTRIBUTION, ETC.
Place of publication, distribution, etc. London
Name of publisher, distributor, etc. SAGE
Date of publication, distribution, etc. 2021
300 ## - PHYSICAL DESCRIPTION
Extent xxiii, 640;p.: ill; pictures, tables
Other physical details Glossary & Index
Dimensions 23cm
700 ## - ADDED ENTRY--PERSONAL NAME
Other authors/Editors ANDERSEN, P.A; AFIFI, W.A
942 ## - ADDED ENTRY ELEMENTS (KOHA)
Source of classification or shelving scheme Dewey Decimal Classification
Koha item type Books
Holdings
Date last seen Total checkouts Full call number Barcode Cost, replacement price Price effective from Koha item type Lost status Source of classification or shelving scheme Damaged status Not for loan Withdrawn status Home library Current library Shelving location Date acquired Source of acquisition Cost, normal purchase price
06/28/2025   428.3 GUE MBY000728 90000.00 06/28/2025 Books   Dewey Decimal Classification       CBE MBEYA CBE MBEYA General Collection 07/01/2022 PURCHASE 30000.00